"El Sepulcre" de Peralada / (Record no. 73089)
[ view plain ]
| 000 -LEADER | |
|---|---|
| campo de control de longitud fija | 00868nam a2200229 i 4500 |
| 001 - NÚMERO DE CONTROL | |
| campo de control | 73089 |
| 003 - IDENTIFICADOR DE NÚMERO DE CONTROL | |
| campo de control | ES-MaACL |
| 005 - FECHA Y HORA DE LA ÚLTIMA TRANSACCIÓN | |
| campo de control | 20230906171651.0 |
| 007 - CAMPO FIJO DE DESCRIPCIÓN FÍSICA--INFORMACIÓN GENERAL | |
| campo de control de longitud fija | t| |
| 008 - DATOS DE LONGITUD FIJA--INFORMACIÓN GENERAL | |
| campo de control de longitud fija | 040906s1955 sp ||||1| spa d |
| 100 1# - ENTRADA PRINCIPAL--NOMBRE DE PERSONA | |
| Nombre de persona | Golobardes Vila, Miguel. |
| 9 (RLIN) | 57712 |
| 245 10 - MENCIÓN DEL TÍTULO | |
| Título | "El Sepulcre" de Peralada / |
| Mención de responsabilidad, etc. | por Miguel Golobardes Vila ; planos y dibujos de Ramón Reig. |
| 260 ## - PUBLICACIÓN, DISTRIBUCIÓN, ETC. | |
| Lugar de publicación, distribución, etc. | [Gerona] : |
| Nombre del editor, distribuidor, etc. | Biblioteca Palacio Peralada, |
| Fecha de publicación, distribución, etc. | 1955 ( |
| Fabricante | Carreras) |
| 300 ## - DESCRIPCIÓN FÍSICA | |
| Extensión | 62 p., 1 lám. ; |
| Dimensiones | 21 cm. |
| 490 1# - MENCIÓN DE SERIE | |
| Mención de serie | Publicaciones Biblioteca Palacio Peralada, serie in 4º mayor ; |
| Designación de volumen o secuencia | IV |
| 610 24 - PUNTO DE ACCESO ADICIONAL DE MATERIA--NOMBRE DE ENTIDAD CORPORATIVA | |
| Nombre de entidad corporativa o nombre de jurisdicción como elemento de entrada | Orden del Santo Sepulcro de Jerusalén. |
| 9 (RLIN) | 157585 |
| 651 #4 - PUNTO DE ACCESO ADICIONAL DE MATERIA--NOMBRE GEOGRÁFICO | |
| Nombre geográfico | Peralada- |
| Subdivisión general | Historia. |
| 9 (RLIN) | 157584 |
| 700 0# - ENTRADA AGREGADA--NOMBRE PERSONAL | |
| Nombre de persona | Reig, Ramón. |
| 9 (RLIN) | 95997 |
| 830 0# - PUNTO DE ACCESO ADICIONAL DE SERIE-TÍTULO UNIFORME | |
| Título uniforme | Publicaciones Biblioteca Palacio Peralada, serie in 4º mayor ; |
| Designación de volumen o secuencia | IV |
| 9 (RLIN) | 231147 |
| 852 ## - LOCALIZACIÓN | |
| Ubicación | ES-MaACL |
| Número de control de estantería | 1965-F-12 |
| Sublocalización o colección | R.38468 |
| Estatus retirado | Estado de pérdida | Estado de daño | No para préstamo | Colección | Biblioteca de origen | Biblioteca actual | Ubicación en estantería | Fecha de adquisición | Fuente de adquisición | Total de préstamos | Signatura topográfica completa | Código de barras | Visto por última vez | Precio de reemplazo | Tipo de ítem Koha |
|---|---|---|---|---|---|---|---|---|---|---|---|---|---|---|---|
| Colección de folletos | Biblioteca del Ateneo de Madrid | Biblioteca del Ateneo de Madrid | Depósito folletos | 17/01/2008 | 1965-F-12 | 1076508 | 23/02/2023 | 23/02/2023 | Folleto |
